000 00869cab a2200253 4500
001 WB3038-38
008 090401t1994 xxu||||| |||| 00| 0 eng d
035 _a(Sirsi) u66718
041 _aeng
245 _aProfessional indemnity insurance
260 _c1994
350 _a0
490 _aProperty Week
_v49(2) 13 October 1994, 19(1)
520 _aResidential valuers who have had professional indemnity insurance withdrawn by insurance companies, are seeking redress through the courts and arbitration.
650 _aMANAGEMENT-DISPUTE AVOIDANCE, MANAGEMENT AND RESOLUTION-DISPUTE MANAGEMENT AND RESOLUTION-ARBITRATION
650 _aDISCLOSURE
650 _aPAGE & WELLS
650 _aPROFESSIONAL INDEMNITY INSURANCE
650 _aRESIDENTIAL VALUERS
650 _aValuation
_96273
690 _aINSURANCE
_96249
942 _n0
948 _c04/03/1997
999 _c41680
_d41680